Economics of hotel management / (Record no. 7377)
[ view plain ]
| 000 -LEADER | |
|---|---|
| fixed length control field | 00610nam a22002052 4500 |
| 001 - CONTROL NUMBER | |
| control field | 0000007073 |
| 005 - DATE AND TIME OF LATEST TRANSACTION | |
| control field | 20151217152021.0 |
| 008 - FIXED-LENGTH DATA ELEMENTS--GENERAL INFORMATION | |
| fixed length control field | 071112s xx 000 0 eng d |
| 020 ## - INTERNATIONAL STANDARD BOOK NUMBER | |
| International Standard Book Number | 8122414192 : |
| Terms of availability | KES 310 |
| 040 ## - CATALOGING SOURCE | |
| Original cataloging agency | KABU |
| Transcribing agency | KABU |
| 100 1# - MAIN ENTRY--PERSONAL NAME | |
| Personal name | Sheela, A. M. |
| -- | 0000158120 |
| 245 10 - TITLE STATEMENT | |
| Title | Economics of hotel management / |
| Statement of responsibility, etc. | A. M. Sheela. |
| 260 ## - PUBLICATION, DISTRIBUTION, ETC. (IMPRINT) | |
| Place of publication, distribution, etc. | New Delhi : |
| Name of publisher, distributor, etc. | New Age, |
| Date of publication, distribution, etc. | 2002. |
| 300 ## - PHYSICAL DESCRIPTION | |
| Extent | vi, 224 p. |
| 650 #0 - SUBJECT ADDED ENTRY--TOPICAL TERM | |
| Topical term or geographic name as entry element | Hotel management. |
| -- | 0000158121 |
| 908 ## - PUT COMMAND PARAMETER (RLIN) | |
| Put command parameter | 071112 |
| 950 ## - LOCAL HOLDINGS (RLIN) | |
| -- | 1 |
| Withdrawn status | Lost status | Source of classification or shelving scheme | Not for loan | Home library | Current library | Date acquired | Total Checkouts | Full call number | Barcode | Date last seen | Price effective from | Koha item type | Date last checked out | Copy number | Cost, normal purchase price |
|---|---|---|---|---|---|---|---|---|---|---|---|---|---|---|---|
| Library of Congress Classification | Kabarak, Main Campus | Kabarak, Main Campus | 17/12/2015 | TX911.3 .M27S54 | 010822 | 17/12/2015 | 17/12/2015 | General Collection | |||||||
| Library of Congress Classification | Kabarak, Main Campus | Kabarak, Main Campus | 17/12/2015 | 2 | TX911.3 .M27S54 | 008838 | 04/04/2025 | 17/12/2015 | General Collection | 19/03/2025 | |||||
| Library of Congress Classification | Kabarak, Main Campus | Kabarak, Main Campus | 06/10/2018 | TX911.3 .M27S54 c. 3 | 022153 | 06/10/2018 | 06/10/2018 | General Collection | c. 3 | ||||||
| Library of Congress Classification | Kabarak, Main Campus | Kabarak, Main Campus | 08/10/2018 | TX911.3 .M27S54 c. 4 | 024352 | 08/10/2018 | 06/10/2018 | General Collection | c. 4 | 540.00 | |||||
| Library of Congress Classification | Kabarak, Main Campus | Kabarak, Main Campus | 08/10/2018 | TX911.3 .M27S54 c. 5 | 023477 | 25/06/2019 | 06/10/2018 | General Collection | c. 5 | 2879.36 |